00773cam a2200205 a 450000100100000000500170001000800410002704000250006808200180009310000360011124500830014726000470023030000210027749000310029865000310032965000320036083000390039295201210043199900150055200000777520200929154309.0790613s1962 ck 000 0 spa  aDO-SdBNPbspadBNPHU aC863.44bZ35h1 aZapata Olivella, Manuel.92147410aHe visto la noche :blas raíces de la furia negra /cManuel zapata Olivella. aMedellín, Colombia : :bBedout,c[1962]. a182 p. ;c19 cm.1 aBolsilibros Bedoutvno. 54 4aCuentos colombianos921475 4aLiteratura colombiana91244 0aBolsilibros Bedout ;vno. 5493750 001052708MOaGRbGRcCTd2009-09-10iLF1l0oC863.44 Z35hp7775-10r2020-06-25w2020-06-25y2ZPréstamo interno c7553d7553